| 000 | 02401nab a2200265 a 4500 | ||
|---|---|---|---|
| 005 | 20240925064012.0 | ||
| 008 | 991125c2018 sp ar p o 000 0 spa d | ||
| 035 | _aUPN01000232968 | ||
| 040 |
_aMX-MxUPN _bspa _cMX-MxUPN _eaacr2 |
||
| 049 | _aART-E | ||
| 100 | 1 |
_aMedina García, Paula _6- paulamed@ucm.es |
|
| 245 | 0 | 0 |
_aMujeres, polifonías y justicia transicional en Colombia: narrativas afrocéntricas de la(s) violencia(s) en el conflicto armado _h[recurso electrónico en línea] |
| 506 | 0 | _aAcceso abierto | |
| 520 | 3 | _aA través de una lectura feminista interseccional del escenario de “postconflicto”/post-acuer-do en Colombia, este trabajo analiza: i) la violencia contra las mujeres en contextos de guerra como poder exhibido e instrumental; ii) el impacto de las violencias contra las mujeres afrodescendientes en el conflicto armado –para lo cual se ha utilizado tanto la información disponible del Registro Único de Víctimas (RUV) como los relatos de las víctimas; iii) las múltiples violencias superpuestas que sufren las mujeres afrodescendientes, como parte de un continuum, entendiendo la guerra como un escena-rio en el que éstas se encarnan y letalizan de forma pública; y iv) la justicia transicional como arena en disputa, especialmente a raíz de la firma de los Acuerdos de Paz. Para ello, se parte de las propias narrativas de las mujeres afrodescendientes como sujetos políticos activos en el proceso de justicia transicional –verdad, reparación y garantías de no repetición–. En esta línea, se parte de una revisión de la víctima qua víctima, adoptando una mirada constructivista de esta categoría –en un intento por superar concepciones esencialistas y paternalistas de la misma–, y abogando por la resignificación de la capacidad de agencia de dichas mujeres para retejer y disputar al Estado el control sobre los procesos de justicia, verdad, reparación y memoria. | |
| 650 | 2 |
_aMujeres _97160 |
|
| 653 | 0 | _aAfrodescendientes | |
| 653 | 0 | _aJusticia transicional | |
| 653 | 0 | 5 | _aColombia |
| 773 |
_gVol. 9, no. 2 (2018), p. 309-326 _tInvestigaciones feministas _x2171-6080 |
||
| 856 | 4 | 0 | _uhttps://revistas.ucm.es/index.php/INFE/article/view/58392 |
| 856 | 4 | 0 |
_ahttp://dx.doi.org/10.5209/INFE.58392 _zConsultar articulo completo |
| 902 |
_aGloriaJiménez/171122 _bGloriaJiménez/171122 |
||
| 905 | _aArticulo | ||
| 942 | _cART-E | ||
| 999 |
_c205063 _d205063 |
||